| 000 | 01018nam a2200229Ii 4500 | ||
|---|---|---|---|
| 003 | JO-AjNU | ||
| 005 | 20240623114900.0 | ||
| 008 | 230605s9999||||xx |||||||||||||| ||und|| | ||
| 040 |
_aJO-AjNU _bara _erda _cJO-AjNU |
||
| 041 | _aara | ||
| 050 | 1 | 4 | _aBP144 2015 |
| 100 | 3 |
_aاعداد النشوي، عايد سالم علي؛ اشراف خلوق ضيف الله آغا, _eauthor _957843 |
|
| 245 | 0 | 0 | _aقواعد النسخ عند الاصوليين وتطبيقاتها=Copying rules for fundamentalists and their applications |
| 264 | 3 | 1 | _a2015 |
| 300 | _a147 ورقة | ||
| 336 |
_atext _btxt _2rdacontent |
||
| 337 |
_aunmediated _bn _2rdamedia |
||
| 338 |
_avolume _bnc _2rdacarrier |
||
| 500 | _aرسالة جامعية (دكتوراة في تخصص الفقه واصوله)--جامعة العلوم الاسلامية العالمية، كلية الدراسات العليا، عمان)، 2015، يشتمل على ببلوغرافيا | ||
| 650 | 4 |
_aالفقة الاسلامي _957844 |
|
| 942 |
_2lcc _cTHS |
||
| 999 |
_c29513 _d29513 |
||